The Flemish masters.

Bibliographic Details
Main Author: Shipp, Horace, 1891-1961
Format: Book
Language:English
Published: New York : Philosophical Library, [1954]
Subjects:

MARC

Tag First Indicator Second Indicator Subfields
LEADER 00000cam a2200000I 4500
001 in00000030406
005 20151007061559.0
008 761214s1954 nyuf 001 0deng c
010 |a  54001965  
035 |a (OCoLC)ocm02622794 
035 |a (OCoLC)02622794 
035 |9 AAD2498AM 
040 |a Printed for U.S.Q.B.R.  |c OHI  |d SER  |d TXA  |d UtOrBLW 
043 |a e-be--- 
049 |a TXAM 
050 1 0 |a ND665 
082 0 |a 759.9493 
090 |a ND665  |b .S45 1954 
092 |a 759.9493  |b S557f 
100 1 |a Shipp, Horace,  |d 1891-1961. 
245 1 4 |a The Flemish masters. 
264 1 |a New York :  |b Philosophical Library,  |c [1954] 
300 |a 128 pages :  |b 40 plates (part color) ;  |c 25 cm. 
336 |a text  |b txt  |2 rdacontent 
337 |a unmediated  |b n  |2 rdamedia 
338 |a volume  |b nc  |2 rdacarrier 
500 |a Includes index. 
650 0 |a Painting  |z Flanders  |x History. 
650 0 |a Painting, Flemish. 
949 |a updated  |b h  |c 2003/7/2  |e fpiscitelli  |f 6:09:05 pm 
994 |a E0  |b TXA 
999 |a MARS 
999 f f |s 2d90cb3f-c9fb-3a64-9019-eda872cf1196  |i 4691809d-f055-3e47-a9ff-6e15bd10a1d7  |t 0 
952 f f |p ric  |a Texas A&M University  |b Rellis Campus  |c Joint Library Facility  |d Remote Storage  |t 0  |e ND665 .S45 1954  |h Library of Congress classification  |i unmediated -- volume  |m A14801159168 
998 f f |a ND665 .S45 1954  |t 0  |l Remote Storage